North American Sports Teams by City - Statistics

General Stats
  • This quiz has been taken 57 times
  • The average score is 120 of 162
Answer Stats
City League Answer % Correct
Atlanta NFL Atlanta Falcons
98%
Baltimore NFL Baltimore Ravens
98%
Boston NBA Boston Celtics
98%
Boston MLB Boston Red Sox
98%
Buffalo NFL Buffalo Bills
98%
Cincinnati MLB Cincinnati Reds
98%
Boston NFL New England Patriots
98%
Atlanta MLB Atlanta Braves
95%
Vancouver CFL BC Lions
93%
Charlotte NFL Carolina Panthers
93%
Cleveland NFL Cleveland Browns
93%
Dallas NFL Dallas Cowboys
93%
Detroit NFL Detroit Lions
93%
Miami NHL Florida Panthers
93%
Green Bay NFL Green Bay Packers
93%
Kansas City NFL Kansas City Chiefs
93%
New York NFL New York Jets
93%
Winnipeg NHL Winnipeg Jets
93%
Atlanta NBA Atlanta Hawks
91%
Charlotte NBA Charlotte Hornets
91%
Chicago NFL Chicago Bears
91%
Chicago MLB Chicago Cubs
91%
Chicago MLB Chicago White Sox
91%
Cincinnati NFL Cincinnati Bengals
91%
Dallas NBA Dallas Mavericks
91%
Denver NFL Denver Broncos
91%
Detroit MLB Detroit Tigers
91%
Indianapolis NFL Indianapolis Colts
91%
Jacksonville NFL Jacksonville Jaguars
91%
Miami NBA Miami Heat
91%
Anaheim NHL Anaheim Ducks
88%
Baltimore MLB Baltimore Orioles
88%
Boston NHL Boston Bruins
88%
Chicago NBA Chicago Bulls
88%
Denver NBA Denver Nuggets
88%
Las Vegas NFL Las Vegas Raiders
88%
Los Angeles NFL Los Angeles Chargers
88%
Los Angeles MLB Los Angeles Dodgers
88%
Los Angeles NFL Los Angeles Rams
88%
Milwaukee MLB Milwaukee Brewers
88%
Minneapolis NFL Minnesota Vikings
88%
New York NFL New York Giants
88%
New York NHL New York Rangers
88%
New York MLB New York Yankees
88%
San Francisco NFL San Francisco 49ers
88%
San Francisco MLB San Francisco Giants
88%
Tampa NFL Tampa Bay Buccaneers
88%
Dallas MLB Texas Rangers
88%
Phoenix NFL Arizona Cardinals
86%
New York NBA Brooklyn Nets
86%
Cleveland NBA Cleveland Cavaliers
86%
Detroit NBA Detroit Pistons
86%
Edmonton NHL Edmonton Oilers
86%
San Francisco NBA Golden State Warriors
86%
Houston NFL Houston Texans
86%
Los Angeles NBA Los Angeles Lakers
86%
Memphis NBA Memphis Grizzlies
86%
Miami NFL Miami Dolphins
86%
Miami MLB Miami Marlins
86%
New Orleans NFL New Orleans Saints
86%
New York MLB New York Mets
86%
San Antonio NBA San Antonio Spurs
86%
St. Louis MLB St. Louis Cardinals
86%
Washington NFL Washington Commanders
86%
Cleveland MLB Cleveland Guardians
84%
Dallas NHL Dallas Stars
84%
Houston NBA Houston Rockets
84%
Indianapolis NBA Indiana Pacers
84%
Kansas City MLB Kansas City Royals
84%
Anaheim MLB Los Angeles Angels
84%
Los Angeles NBA Los Angeles Clippers
84%
Los Angeles NHL Los Angeles Kings
84%
Milwaukee NBA Milwaukee Bucks
84%
Montreal NHL Montreal Canadiens
84%
New York NBA New York Knicks
84%
Oakland MLB Oakland Athletics
84%
Orlando NBA Orlando Magic
84%
Philadelphia NBA Philadelphia 76ers
84%
Sacramento NBA Sacramento Kings
84%
San Diego MLB San Diego Padres
84%
Seattle NFL Seattle Seahawks
84%
Nashville NFL Tennessee Titans
84%
Toronto NBA Toronto Raptors
84%
Salt Lake City NBA Utah Jazz
84%
Phoenix MLB Arizona Diamondbacks
81%
Buffalo NHL Buffalo Sabres
81%
Chicago NHL Chicago Blackhawks
81%
Denver MLB Colorado Rockies
81%
Houston MLB Houston Astros
81%
Philadelphia NFL Philadelphia Eagles
81%
Philadelphia MLB Philadelphia Phillies
81%
Toronto MLB Toronto Blue Jays
81%
Washington NBA Washington Wizards
81%
Calgary NHL Calgary Flames
79%
Detroit NHL Detroit Red Wings
79%
Pittsburgh NHL Pittsburgh Penguins
79%
Pittsburgh NFL Pittsburgh Steelers
79%
Portland NBA Portland Trail Blazers
79%
San Jose NHL San Jose Sharks
79%
Tampa MLB Tampa Bay Rays
79%
Minneapolis NBA Minnesota Timberwolves
77%
New Orleans NBA New Orleans Pelicans
77%
Oklahoma City NBA Oklahoma City Thunder
77%
Phoenix NBA Phoenix Suns
77%
Seattle MLB Seattle Mariners
77%
St. Louis NHL St. Louis Blues
77%
Minneapolis MLB Minnesota Twins
74%
New York NHL New York Islanders
74%
Pittsburgh MLB Pittsburgh Pirates
74%
Toronto NHL Toronto Maple Leafs
74%
Las Vegas NHL Vegas Golden Knights
74%
Washington MLB Washington Nationals
74%
Columbus NHL Columbus Blue Jackets
72%
Vancouver NHL Vancouver Canucks
72%
Seattle NHL Seattle Kraken
70%
Tampa NHL Tampa Bay Lightning
70%
Newark NHL New Jersey Devils
67%
Philadelphia NHL Philadelphia Flyers
67%
Washington NHL Washington Capitals
67%
Denver NHL Colorado Avalanche
65%
Minneapolis NHL Minnesota Wild
65%
Ottawa NHL Ottawa Senators
65%
Raleigh NHL Carolina Hurricanes
63%
Nashville NHL Nashville Predators
63%
Phoenix NHL Arizona Coyotes
58%
Chicago MLS Chicago Fire FC
58%
Los Angeles MLS LA Galaxy
58%
Salt Lake City MLS Real Salt Lake
56%
Austin MLS Austin FC
53%
Atlanta MLS Atlanta United FC
51%
Los Angeles MLS Los Angeles FC
51%
Toronto MLS Toronto FC
51%
Dallas MLS FC Dallas
49%
Charlotte MLS Charlotte FC
47%
Cincinnati MLS FC Cincinnati
44%
Nashville MLS Nashville SC
44%
Boston MLS New England Revolution
44%
New York MLS New York Red Bulls
44%
Seattle MLS Seattle Sounders FC
44%
Miami MLS Inter Miami CF
42%
Calgary CFL Calgary Stampeders
40%
Montreal MLS CF Montreal
40%
Columbus MLS Columbus Crew
40%
Houston MLS Houston Dynamo FC
40%
San Jose MLS San Jose Earthquakes
40%
Denver MLS Colorado Rapids
37%
Washington MLS D.C. United
37%
Minneapolis MLS Minnesota United FC
37%
Regina CFL Saskatchewan Roughriders
37%
Vancouver MLS Vancouver Whitecaps FC
37%
Hamilton CFL Hamilton Tiger-Cats
35%
New York MLS New York City FC
35%
Philadelphia MLS Philadelphia Union
35%
Portland MLS Portland Timbers
35%
Toronto CFL Toronto Argonauts
35%
Kansas City MLS Sporting Kansas City
33%
Montreal CFL Montreal Alouettes
28%
Winnipeg CFL Winnipeg Blue Bomber
23%
Orlando MLS Orlando City FC
21%
Ottawa CFL Ottawa Redblacks
21%
Edmonton CFL Edmonton Elk
19%
St. Louis MLS St. Louis City FC
14%
No matching quizzes found
Score Distribution
Percent of People with Each Score
Percentile by Number Answered
Your Score History
You have not taken this quiz